Ekonomická aktivita obyvateľstva SR výsledky sčítania ľudu, domov a bytov 1991

Guardado en:
Detalles Bibliográficos
Formato: Libro
Lenguaje:eslovaco
Publicado: Bratislava Štatistický úrad SR 1993
Colección:Slovenská štatistika
Materias:
Etiquetas: Agregar Etiqueta
Sin Etiquetas, Sea el primero en etiquetar este registro!

MARC

LEADER 00000nam a2200000 4500
001 c006026
005 20260226074111.4
041 0 |a slo 
044 |a SK 
245 1 0 |a Ekonomická aktivita obyvateľstva SR  |b výsledky sčítania ľudu, domov a bytov 1991 
264 1 |a Bratislava  |b Štatistický úrad SR  |c 1993 
300 |a 77 s. 
490 1 |a Slovenská štatistika 
830 0 |a Slovenská štatistika 
610 2 0 |a Slovensko 
610 2 0 |a obyvateľstvo 
610 2 0 |a aktivita hospodárska